000 00451nam a2200181Ia 4500
001 3193
005 20260306144902.0
008 260306t2000||||xx |||||||||||||| ||spa||
041 _aESP
082 _a261.8
_bV34
100 _aVásquez, Aldo
_eAUT
245 0 _aEl desarrollo de las naciones:
_baspectos teóricos y doctrina social de la iglesia
260 _c2000
300 _a
_c
650 _aGEN
654 _aCHU
942 _cLIB
_dJUS
_fJUS
_2ddc
_n
999 _c3193
_d3193